000
00256 a2200085 4500
020
_a
978-0470130629
100
_a
Daniel A Vallero and chris Brasier
245
_a
Sustainable Design: The Science of Sustainability and Green Engineering
260
_b
Wiley
_c
2008
999
_c
13125
_d
13125